000 00515nam a2200193Ia 4500
005 20250326145155.0
008 250326s9999 xx 000 0 und d
037 _aTextbook
040 _aFMSL
_beng
_cFMSL
041 _aeng
_2eng
084 _aR1 P6
_qFMSL
100 _aStrandberg H
_9750776
245 0 _aPossibility of discussion
_cStrandberg H
260 _aUSA
_bUSA, Ashgate
_c2006
365 _b4088.6999999999998
650 _aManagement
942 _cTB
_hR1 P6
999 _c1306639
_d1306639